[Event "Hastings Weekend Open 2024/25"]
[Site "Hastings"]
[Date "2025.01.03"]
[Round "1.2"]
[White "Liu, Tianyi (Jack)"]
[Black "Lesniowski, Paul"]
[Result "1-0"]
[WhiteElo "2180"]
[BlackElo "1874"]
[PlyCount "113"]
[EventDate "2025.01.03"]
[EventType "swiss"]
[EventRounds "5"]
[EventCountry "ENG"]
[SourceTitle "BritBase"]
[Source "John Saunders"]
[SourceDate "2025.01.10"]
[SourceVersion "1"]
[SourceVersionDate "2025.01.10"]
[SourceQuality "1"]

1. e4 c5 2. Nf3 e6 3. d4 cxd4 4. Nxd4 Nc6 5. Nc3 Qc7 6. Be3 a6 7. Qd2 Nf6 8. O-O-O Bb4 9. f3 Ne5 10. Nb3 O-O 11. Qe1 Bxc3 12. Qxc3 Qxc3 13. bxc3 b5 14. Bc5 Rd8 15. Bd6 Nc6 16. Be2 Ne8 17. Nc5 Ra7 18. Kb2 f6 19. a3 Kf7 20. h4 Bb7 21. h5 Na5 22. Rd2 Bc6 23. Rhd1 Nc4+ 24. Bxc4 bxc4 25. Ka2 Rc8 26. Bg3 Ke7 27. e5 fxe5 28. Bxe5 d5 29. Bd4 Raa8 30. Re2 Bd7 31. Rb1 Rc7 32. Rb6 Nd6 33. Nxd7 Kxd7 34. Bxg7 Rb7 35. Rxb7+ Nxb7 36. Bd4 Nd6 37. Re1 Rg8 38. g4 Rf8 39. Rf1 Ne4 40. Rb1 Rxf3 41. Rb7+ Kd6 42. Rb6+ Kd7 43. Kb2 Ng5 44. Rxa6 Nf7 45. a4 e5 46. Bc5 e4 47. a5 e3 48. Ra7+ Kc6 49. Bxe3 Ne5 50. Bd4 Nd7 51. a6 Rf8 52. g5 Rg8 53. g6 hxg6 54. h6 Rb8+ 55. Rb7 Ra8 56. h7 Rxa6 57. Rxd7 1-0

[Event "Hastings Weekend Open 2024/25"]
[Site "Hastings"]
[Date "2025.01.03"]
[Round "1.3"]
[White "Pick, Freddie"]
[Black "Graham, David B"]
[Result "1-0"]
[WhiteElo "1874"]
[BlackElo "2129"]
[PlyCount "131"]
[EventDate "2025.01.03"]
[EventType "swiss"]
[EventRounds "5"]
[EventCountry "ENG"]
[SourceTitle "BritBase"]
[Source "John Saunders"]
[SourceDate "2025.01.10"]
[SourceVersion "1"]
[SourceVersionDate "2025.01.10"]
[SourceQuality "1"]

1. e4 e6 2. d4 d5 3. Nd2 c5 4. exd5 exd5 5. Ngf3 Nc6 6. Bb5 Bd6 7. dxc5 Bxc5 8. O-O Nge7 9. Nb3 Bd6 10. c3 O-O 11. h3 Bf5 12. Nbd4 Be4 13. Bd3 Nxd4 14. Bxe4 dxe4 15. Nxd4 Be5 16. Be3 Nd5 17. Nf5 Nxe3 18. Nxe3 Qxd1 19. Raxd1 Rfd8 20. Rfe1 Kf8 21. Kf1 Rxd1 22. Rxd1 Ke7 23. Nc4 Bf4 24. g4 g6 25. Re1 f5 26. f3 Rc8 27. Na3 Bd2 28. Re2 Bc1 29. gxf5 gxf5 30. fxe4 fxe4 31. Rxe4+ Kd7 32. Nc4 Rf8+ 33. Ke2 Bf4 34. Ne5+ Bxe5 35. Rxe5 Rg8 36. Kd2 Rg2+ 37. Kc1 Rg6 38. Rh5 h6 39. Kc2 Kc7 40. b4 Rf6 41. Kb3 Kd7 42. a4 Kc7 43. b5 a6 44. Kb4 axb5 45. axb5 b6 46. Kc4 Kd6 47. Kd4 Rf4+ 48. Ke3 Rf6 49. c4 Kc7 50. Ke4 Kd6 51. Rd5+ Kc7 52. Rf5 Re6+ 53. Kd5 Rd6+ 54. Ke5 Rd3 55. Rf7+ Kb8 56. h4 Rh3 57. Rf4 Kc7 58. Rd4 Rg3 59. Kf5 h5 60. Ke5 Rg6 61. Rf4 Rg7 62. Ke6 Rg4 63. Ke5 Rg7 64. Kd5 Rd7+ 65. Ke6 Rg7 66. Rf7+ 1-0

[Event "Hastings Weekend Open 2024/25"]
[Site "Hastings"]
[Date "2025.01.03"]
[Round "1.4"]
[White "Patel, Zain"]
[Black "Rastogi, Nayan Keats"]
[Result "1-0"]
[WhiteElo "2113"]
[BlackElo "1873"]
[PlyCount "26"]
[EventDate "2025.01.03"]
[EventType "swiss"]
[EventRounds "5"]
[EventCountry "ENG"]
[SourceTitle "BritBase"]
[Source "John Saunders"]
[SourceDate "2025.01.10"]
[SourceVersion "1"]
[SourceVersionDate "2025.01.10"]
[SourceQuality "1"]

1. Nf3 Nf6 2. d4 d5 3. e3 c5 4. Nbd2 cxd4 5. exd4 Bf5 6. Ne5 Nc6 7. c3 e6 8. g4 Nxe5 9. dxe5 Bxg4 10. Bb5+ Nd7 11. Qxg4 Qc7 12. Nf3 O-O-O 13. Bxd7+ Rxd7 1-0

[Event "Hastings Weekend Open 2024/25"]
[Site "Hastings"]
[Date "2025.01.03"]
[Round "1.5"]
[White "Gorskovs, Andrejs"]
[Black "Freeland, Alex"]
[Result "1-0"]
[WhiteElo "1863"]
[BlackElo "2040"]
[PlyCount "96"]
[EventDate "2025.01.03"]
[EventType "swiss"]
[EventRounds "5"]
[EventCountry "ENG"]
[SourceTitle "BritBase"]
[Source "John Saunders"]
[SourceDate "2025.01.10"]
[SourceVersion "1"]
[SourceVersionDate "2025.01.10"]
[SourceQuality "1"]

1. e4 e6 2. d4 d5 3. e5 c5 4. c3 Nc6 5. Nf3 Bd7 6. Be2 Nge7 7. O-O Nf5 8. dxc5 Bxc5 9. b4 Be7 10. Nbd2 Qc7 11. Re1 Nxe5 12. Nxe5 Qxe5 13. Bb2 Qc7 14. Bd3 Nd6 15. Rc1 Nc4 16. Bxc4 dxc4 17. Qg4 b5 18. Qxg7 O-O-O 19. Qxf7 Bd6 20. Qh5 Bf4 21. Rcd1 Bc6 22. Nf1 Rxd1 23. Qxd1 Rg8 24. Ng3 Qb7 25. Rxe6 Bxg2 26. Qh5 Qd7 27. Qc5+ Bc7 28. Re7 Qc6 29. Qf5+ Kb8 30. Rxc7 Qxc7 31. Kxg2 Qc6+ 32. Qf3 Qd6 33. Bc1 Rf8 34. Nf5 Qg6+ 35. Qg3+ Qxg3+ 36. Nxg3 Rd8 37. Be3 Rd1 38. Ne2 Kc8 39. Bxa7 Rd2 40. Nd4 Rxa2 41. Nxb5 Kd7 42. Bd4 Kc6 43. Na7+ Kd5 44. b5 h5 45. b6 h4 46. Kh3 Ke4 47. b7 Rb2 48. Nc8 Kd5 1-0

[Event "Hastings Weekend Open 2024/25"]
[Site "Hastings"]
[Date "2025.01.03"]
[Round "1.6"]
[White "Adams, Henry"]
[Black "Kim, Taewoo A"]
[Result "1-0"]
[WhiteElo "2017"]
[BlackElo "1852"]
[PlyCount "87"]
[EventDate "2025.01.03"]
[EventType "swiss"]
[EventRounds "5"]
[EventCountry "ENG"]
[SourceTitle "BritBase"]
[Source "John Saunders"]
[SourceDate "2025.01.10"]
[SourceVersion "1"]
[SourceVersionDate "2025.01.10"]
[SourceQuality "1"]

1. d4 d5 2. c4 e6 3. Nf3 c6 4. cxd5 exd5 5. Nc3 Bd6 6. Bg5 Ne7 7. e3 f6 8. Bh4 Bg4 9. Bg3 O-O 10. Bd3 Bh5 11. O-O Bxg3 12. hxg3 Nd7 13. a4 a5 14. Qc2 Bg6 15. Bxg6 Nxg6 16. Rfb1 Qe7 17. Ne1 Nb8 18. Nd3 Na6 19. Na2 Nh8 20. b4 axb4 21. Naxb4 Nf7 22. Nxa6 Rxa6 23. Nc5 Ra7 24. Rb4 Nd6 25. Rab1 Rc8 26. R1b3 Rc7 27. Qb1 Qf7 28. Rb6 Qg6 29. Qd1 Qf7 30. Qg4 Qe7 31. Qh3 Qf7 32. a5 h6 33. a6 Kh7 34. Qg4 bxa6 35. Nxa6 Rcb7 36. Nc5 Rxb6 37. Rxb6 Rc7 38. Qf4 Nc8 39. Rb8 Na7 40. g4 Re7 41. g3 Nb5 42. Qf5+ g6 43. Qc8 Qg7 44. Ne6 1-0

[Event "Hastings Weekend Open 2024/25"]
[Site "Hastings"]
[Date "2025.01.03"]
[Round "1.7"]
[White "Flynn, David"]
[Black "Zhang, Kendrick Botong"]
[Result "1-0"]
[WhiteElo "1846"]
[BlackElo "1994"]
[PlyCount "161"]
[EventDate "2025.01.03"]
[EventType "swiss"]
[EventRounds "5"]
[EventCountry "ENG"]
[SourceTitle "BritBase"]
[Source "John Saunders"]
[SourceDate "2025.01.10"]
[SourceVersion "1"]
[SourceVersionDate "2025.01.10"]
[SourceQuality "1"]

1. e4 c5 2. Nc3 e6 3. Nge2 Nc6 4. g3 a6 5. Bg2 Nf6 6. O-O Be7 7. d3 O-O 8. f4 d6 9. h3 Qc7 10. g4 b5 11. Ng3 Nd7 12. Nce2 Bb7 13. f5 e5 14. g5 f6 15. g6 h6 16. Nc3 Nb6 17. Nh5 Rfc8 18. Rf3 b4 19. Ne2 d5 20. Rg3 dxe4 21. dxe4 Rd8 22. Qf1 Qd7 23. Rd3 Nd4 24. Nxd4 exd4 25. Bxh6 c4 26. Rg3 Bf8 27. Bf4 Bd6 28. Qf3 d3 29. cxd3 cxd3 30. Kh1 d2 31. Qb3+ Kh8 32. Rd3 Qe7 33. Bxd6 Rxd6 34. Qxb4 Rad8 35. Rd1 a5 36. Qc5 Na4 37. Qf2 Bxe4 38. Rxd6 Bxg2+ 39. Kxg2 Rxd6 40. Rxd2 Qe4+ 41. Kh2 Qe5+ 42. Ng3 Rxd2 43. Qxd2 Qxb2 44. Qxb2 Nxb2 45. Ne4 Nd1 46. Kg3 Ne3 47. Kf4 Nd5+ 48. Kf3 Kg8 49. Nc5 Kf8 50. a4 Ke7 51. Ke4 Kd6 52. Nb7+ Kc6 53. Nxa5+ Kd6 54. Nc4+ Kc5 55. Nb2 Nc3+ 56. Kd3 Nd5 57. Ke4 Nc3+ 58. Kd3 Nd5 59. h4 Nf4+ 60. Ke4 Nd5 61. h5 Nc3+ 62. Kf3 Nd5 63. Kg4 Ne3+ 64. Kf4 Nd5+ 65. Kf3 Ne7 66. Ke4 Nd5 67. Nd3+ Kc4 68. Nf4 Nc3+ 69. Kf3 Kd4 70. h6 Ne4 71. hxg7 Ng5+ 72. Kg2 Ke4 73. Ne6 Nf3 74. g8=Q Ne1+ 75. Kg3 Nd3 76. Qa8+ Ke5 77. g7 Nf4 78. g8=Q Nh5+ 79. Kf2 Ng7 80. Qxg7 Kd6 81. Qc7# 1-0

[Event "Hastings Weekend Open 2024/25"]
[Site "Hastings"]
[Date "2025.01.03"]
[Round "1.8"]
[White "Zhu, Yaoyao"]
[Black "Waterfield, Mark"]
[Result "0-1"]
[WhiteElo "1990"]
[BlackElo "1842"]
[PlyCount "80"]
[EventDate "2025.01.03"]
[EventType "swiss"]
[EventRounds "5"]
[EventCountry "ENG"]
[SourceTitle "BritBase"]
[Source "John Saunders"]
[SourceDate "2025.01.10"]
[SourceVersion "1"]
[SourceVersionDate "2025.01.10"]
[SourceQuality "1"]

1. e4 e6 2. d4 d5 3. e5 c5 4. c3 Nc6 5. Nf3 Nge7 6. Na3 cxd4 7. cxd4 Nf5 8. Nc2 Bd7 9. Bd3 Be7 10. O-O O-O 11. Re1 Qb6 12. Rb1 Rfc8 13. b4 h6 14. a3 Na5 15. Bxf5 exf5 16. Ne3 Be6 17. Qd3 Nc4 18. Nxf5 Bf8 19. Ne3 Qb5 20. Nd2 Qd7 21. Ndxc4 dxc4 22. Qe4 Rd8 23. Bb2 a5 24. Bc3 b5 25. f4 axb4 26. axb4 Ra3 27. Qc2 g6 28. Ra1 Qa7 29. Qb2 Ra4 30. Red1 h5 31. Rxa4 bxa4 32. Qa2 a3 33. Ra1 Ra8 34. Nc2 Qa4 35. Ne3 Bxb4 36. Bxb4 Qxb4 37. d5 Bxd5 38. Nxd5 Qc5+ 39. Kf1 Qxd5 40. Qc2 Qd4 0-1

[Event "Hastings Weekend Open 2024/25"]
[Site "Hastings"]
[Date "2025.01.03"]
[Round "1.9"]
[White "Karangad, Mohit"]
[Black "Suez-Panama, Gilles"]
[Result "1/2-1/2"]
[WhiteElo "1817"]
[BlackElo "1979"]
[PlyCount "98"]
[EventDate "2025.01.03"]
[EventType "swiss"]
[EventRounds "5"]
[EventCountry "ENG"]
[SourceTitle "BritBase"]
[Source "John Saunders"]
[SourceDate "2025.01.10"]
[SourceVersion "1"]
[SourceVersionDate "2025.01.10"]
[SourceQuality "1"]

1. d4 e6 2. Nf3 d5 3. c4 Nf6 4. g3 Be7 5. Bg2 Ne4 6. O-O f5 7. Nc3 c6 8. Ne5 O-O 9. Qc2 b6 10. Rd1 Bb7 11. Nxe4 fxe4 12. f3 exf3 13. Bxf3 Nd7 14. Bg4 Nxe5 15. dxe5 Bc5+ 16. Kg2 Qe7 17. h4 Rf2+ 18. Kh3 Qf7 19. b4 Bxb4 20. Be3 h5 21. Bxf2 hxg4+ 22. Kg2 d4 23. Rf1 c5+ 24. Kh2 Qh5 25. Be1 Bxe1 26. Raxe1 Rf8 27. Rxf8+ Kxf8 28. Rf1+ Kg8 29. Rf2 Qe8 30. Qc1 Qc6 31. Qf1 Qe4 32. Rf7 Kh7 33. h5 Bc6 34. h6 Qxe5 35. Rxg7+ Kxh6 36. Rxg4 Qf5 37. Qc1+ Kh7 38. Rh4+ Kg8 39. Qf4 Qxf4 40. Rxf4 b5 41. Rf6 bxc4 42. Rxe6 Bf3 43. Re5 c3 44. Rxc5 Bxe2 45. Kg2 d3 46. Kf2 Bg4 47. Rxc3 d2 48. Rd3 d1=Q 49. Rxd1 Bxd1 1/2-1/2

[Event "Hastings Weekend Open 2024/25"]
[Site "Hastings"]
[Date "2025.01.03"]
[Round "1.10"]
[White "Mikalajunas, Kajus"]
[Black "Gartside, Carl"]
[Result "1-0"]
[WhiteElo "1975"]
[BlackElo "1810"]
[PlyCount "81"]
[EventDate "2025.01.03"]
[EventType "swiss"]
[EventRounds "5"]
[EventCountry "ENG"]
[SourceTitle "BritBase"]
[Source "John Saunders"]
[SourceDate "2025.01.10"]
[SourceVersion "1"]
[SourceVersionDate "2025.01.10"]
[SourceQuality "1"]

1. Nf3 Nf6 2. g3 d5 3. Bg2 Bf5 4. O-O e6 5. c4 c6 6. cxd5 exd5 7. d3 Be7 8. Nd4 Bg6 9. Nc3 O-O 10. e4 dxe4 11. dxe4 Qb6 12. e5 Nd5 13. Bxd5 Rd8 14. Ne6 fxe6 15. Bxe6+ Kh8 16. Qg4 Na6 17. h4 Rd4 18. Qh3 Rd3 19. h5 Be8 20. Qf5 Rxg3+ 21. Kh2 g6 22. Qb1 Rf3 23. Kg2 Nc5 24. Kxf3 Nxe6 25. Be3 Nd4+ 26. Bxd4 Qxd4 27. Qe4 Qd7 28. e6 Qd2 29. Qe5+ Kg8 30. Ne4 Qd3+ 31. Kg2 c5 32. h6 Qxe4+ 33. Qxe4 Bc6 34. Qxc6 bxc6 35. Rad1 Bg5 36. Rh1 Rb8 37. Rd7 Rxb2 38. Rg7+ Kf8 39. Rxh7 Rxa2 40. Rf7+ Ke8 41. h7 1-0

[Event "Hastings Weekend Open 2024/25"]
[Site "Hastings"]
[Date "2025.01.03"]
[Round "1.11"]
[White "Graham, Oliver"]
[Black "Yu, Rock"]
[Result "0-1"]
[WhiteElo "1789"]
[BlackElo "1952"]
[PlyCount "111"]
[EventDate "2025.01.03"]
[EventType "swiss"]
[EventRounds "5"]
[EventCountry "ENG"]
[SourceTitle "BritBase"]
[Source "John Saunders"]
[SourceDate "2025.01.10"]
[SourceVersion "1"]
[SourceVersionDate "2025.01.10"]
[SourceQuality "1"]

1. e4 c5 2. Nc3 Nc6 3. Nf3 e5 4. Bc4 Be7 5. Nd5 Nf6 6. Nxf6+ Bxf6 7. a3 d6 8. h3 Be6 9. Be2 d5 10. exd5 Qxd5 11. d3 h6 12. O-O O-O 13. Be3 Rad8 14. Qc1 Be7 15. Rd1 f5 16. c4 Qd7 17. Bd2 Bf6 18. Bc3 Nd4 19. Bxd4 cxd4 20. Qc2 Rfe8 21. b4 e4 22. Ne1 e3 23. Nf3 f4 24. Bf1 Bf5 25. Ra2 g5 26. a4 g4 27. hxg4 Bxg4 28. fxe3 fxe3 29. Be2 Kh7 30. Nh2 Bf5 31. Rf1 Bh4 32. Rf4 Bg3 33. Rf3 Bf2+ 34. Kh1 Rg8 35. Bf1 Rdf8 36. Ra1 Bg4 37. Rxf8 Rxf8 38. Be2 Bxe2 39. Qxe2 Rf4 40. Qh5 Rh4 41. Qe5 Qg7 42. Qf5+ Kh8 43. g4 Qc7 44. Kg2 Qxh2+ 45. Kf1 Qg1+ 46. Ke2 Qxg4+ 47. Qf3 Qxf3+ 48. Kxf3 Rh3+ 49. Ke2 Bh4 50. c5 Rh2+ 51. Kf3 Rf2+ 52. Ke4 e2 53. Re1 Rf4+ 54. Kxf4 Bxe1 55. Kf3 Bxb4 56. Ke4 0-1

[Event "Hastings Weekend Open 2024/25"]
[Site "Hastings"]
[Date "2025.01.03"]
[Round "1.12"]
[White "Batchelor, Paul A"]
[Black "Chapman, Luke"]
[Result "1-0"]
[WhiteElo "1933"]
[BlackElo "1766"]
[PlyCount "81"]
[EventDate "2025.01.03"]
[EventType "swiss"]
[EventRounds "5"]
[EventCountry "ENG"]
[SourceTitle "BritBase"]
[Source "John Saunders"]
[SourceDate "2025.01.10"]
[SourceVersion "1"]
[SourceVersionDate "2025.01.10"]
[SourceQuality "1"]

1. d4 f5 2. Nf3 Nf6 3. g3 g6 4. Bg2 Bg7 5. O-O O-O 6. b3 d6 7. Bb2 Ne4 8. Nbd2 Nc6 9. c4 Nxd2 10. Qxd2 e5 11. Rfd1 e4 12. Ne1 Re8 13. e3 a5 14. Bc3 Qe7 15. Rac1 Bd7 16. a3 h5 17. b4 axb4 18. axb4 f4 19. b5 fxe3 20. fxe3 Nd8 21. Nc2 h4 22. gxh4 Qxh4 23. Qf2 Qxf2+ 24. Kxf2 Ra2 25. Kg1 Bh6 26. Re1 Nf7 27. Nb4 Rxg2+ 28. Kxg2 Ng5 29. Nd5 Bh3+ 30. Kg3 Rf8 31. Nf4 Bf5 32. h4 Nf3 33. Rh1 Bxf4+ 34. exf4 Kf7 35. Ra1 Rb8 36. Ra7 Ke7 37. d5 Kd7 38. Rha1 b6 39. Ra8 Rxa8 40. Rxa8 Ng1 41. Bf6 1-0

[Event "Hastings Weekend Open 2024/25"]
[Site "Hastings"]
[Date "2025.01.03"]
[Round "1.13"]
[White "Lee, Younggyu"]
[Black "Alcindor, Samuel"]
[Result "1/2-1/2"]
[WhiteElo "1722"]
[BlackElo "1927"]
[PlyCount "46"]
[EventDate "2025.01.03"]
[EventType "swiss"]
[EventRounds "5"]
[EventCountry "ENG"]
[SourceTitle "BritBase"]
[Source "John Saunders"]
[SourceDate "2025.01.10"]
[SourceVersion "1"]
[SourceVersionDate "2025.01.10"]
[SourceQuality "1"]

1. Nf3 c5 2. b3 Nc6 3. Bb2 d6 4. e3 Bg4 5. Be2 Nf6 6. d4 cxd4 7. exd4 e6 8. O-O Be7 9. c4 d5 10. Nbd2 O-O 11. Ne5 Bxe2 12. Qxe2 dxc4 13. Nxc6 bxc6 14. Nxc4 c5 15. Rad1 cxd4 16. Rxd4 Nd5 17. Ne3 Bf6 18. Rdd1 Bxb2 19. Qxb2 Qf6 20. Qxf6 Nxf6 21. Rd4 Rfc8 22. Rfd1 Kf8 23. Kf1 Ke7 1/2-1/2

[Event "Hastings Weekend Open 2024/25"]
[Site "Hastings"]
[Date "2025.01.03"]
[Round "1.14"]
[White "Ahn, Sungmin"]
[Black "Plotnikov, Dmytro"]
[Result "0-1"]
[WhiteElo "1926"]
[BlackElo "1720"]
[PlyCount "132"]
[EventDate "2025.01.03"]
[EventType "swiss"]
[EventRounds "5"]
[EventCountry "ENG"]
[SourceTitle "BritBase"]
[Source "John Saunders"]
[SourceDate "2025.01.10"]
[SourceVersion "1"]
[SourceVersionDate "2025.01.10"]
[SourceQuality "1"]

1. e4 c5 2. Nc3 Nc6 3. Bb5 Nd4 4. Nf3 Nxb5 5. Nxb5 a6 6. Nc3 d6 7. d4 cxd4 8. Qxd4 e5 9. Qd3 Nf6 10. Bg5 Be6 11. Nd2 Be7 12. Nf1 Qa5 13. Bxf6 Bxf6 14. Ne3 O-O 15. O-O Rac8 16. Rfd1 Bg5 17. Ned5 f5 18. f3 Qc5+ 19. Kh1 b5 20. a3 Kh8 21. h3 Rf7 22. Qe2 h6 23. g4 fxg4 24. hxg4 Rb7 25. Rd3 a5 26. b4 Qa7 27. bxa5 Qxa5 28. Nb4 Bc4 29. Qd1 Bxd3 30. Qxd3 Qc7 31. Nxb5 Rxb5 32. Qxb5 Qc3 33. Qf1 Rf8 34. Kg2 Be3 35. Ra2 Bc5 36. Nd5 Qd4 37. c3 Qa4 38. Qe2 Bxa3 39. Nb6 Qb3 40. Nd5 Rb8 41. Kg3 Bc1 42. Rc2 Bg5 43. c4 Qb1 44. Nc3 Qg1+ 45. Qg2 Bf4+ 46. Kh3 Qe1 47. Nb5 Qd1 48. Qe2 Qh1+ 49. Qh2 Bxh2 50. Rxh2 Qf1+ 51. Kg3 Qe1+ 52. Kh3 Qf1+ 53. Kg3 Rf8 54. Rf2 Qg1+ 55. Rg2 Qc5 56. Rc2 Rb8 57. Rd2 Qg1+ 58. Rg2 Qc1 59. Nxd6 Qf4+ 60. Kh3 Rb1 61. Rg3 Rh1+ 62. Kg2 Rg1+ 63. Kxg1 Qxg3+ 64. Kh1 Qxf3+ 65. Kh2 Qxg4 66. Nf7+ Kh7 0-1

[Event "Hastings Weekend Open 2024/25"]
[Site "Hastings"]
[Date "2025.01.03"]
[Round "1.15"]
[White "Lawrence-Cade, Jack"]
[Black "Ponting, Andrew"]
[Result "0-1"]
[WhiteElo "1716"]
[BlackElo "1923"]
[PlyCount "104"]
[EventDate "2025.01.03"]
[EventType "swiss"]
[EventRounds "5"]
[EventCountry "ENG"]
[SourceTitle "BritBase"]
[Source "John Saunders"]
[SourceDate "2025.01.10"]
[SourceVersion "1"]
[SourceVersionDate "2025.01.10"]
[SourceQuality "1"]

1. e4 c5 2. Nc3 Nc6 3. f4 d6 4. Nf3 g6 5. Bb5 Bd7 6. O-O Bg7 7. d3 a6 8. Bxc6 Bxc6 9. a4 e6 10. Qe1 Ne7 11. a5 O-O 12. Qh4 d5 13. Bd2 Nc8 14. Qh3 dxe4 15. dxe4 b5 16. Rfd1 Qe7 17. e5 b4 18. Ne2 Na7 19. Be3 Rac8 20. Rd6 Nb5 21. Rd2 Rfd8 22. Rad1 Bxf3 23. Qxf3 Rxd2 24. Rxd2 Qc7 25. Nc1 Qxa5 26. Qb7 Qc7 27. Qxc7 Nxc7 28. Bxc5 Nd5 29. Nd3 Nxf4 30. Bxb4 Nxd3 31. Rxd3 Bxe5 32. c3 Kg7 33. Rd7 Rc7 34. Rd8 Kf6 35. g3 h5 36. Kf2 Kf5 37. Ra8 Rc6 38. Ra7 Bc7 39. Kf3 e5 40. Ra8 e4+ 41. Ke3 Bb6+ 42. Ke2 Bg1 43. h3 e3 44. Ra7 f6 45. Rg7 Bf2 46. Re7 Rb6 47. Re8 g5 48. Re7 g4 49. Rh7 Kg6 50. Rh8 gxh3 51. Kf1 e2+ 52. Kxf2 h2 0-1

[Event "Hastings Weekend Open 2024/25"]
[Site "Hastings"]
[Date "2025.01.03"]
[Round "1.16"]
[White "Barantsev, Oleg"]
[Black "Lee, Jungsoo"]
[Result "1-0"]
[WhiteElo "1917"]
[BlackElo "1705"]
[PlyCount "73"]
[EventDate "2025.01.03"]
[EventType "swiss"]
[EventRounds "5"]
[EventCountry "ENG"]
[SourceTitle "BritBase"]
[Source "John Saunders"]
[SourceDate "2025.01.10"]
[SourceVersion "1"]
[SourceVersionDate "2025.01.10"]
[SourceQuality "1"]

1. e4 c5 2. Nc3 Nc6 3. g3 g6 4. Bg2 Bg7 5. f4 e6 6. Nf3 Nge7 7. O-O O-O 8. e5 d6 9. exd6 Qxd6 10. d3 Nf5 11. Ne4 Qe7 12. g4 Nh4 13. Be3 Nxf3+ 14. Bxf3 Nd4 15. c3 Nxf3+ 16. Qxf3 b6 17. Nf6+ Qxf6 18. Qxa8 Ba6 19. Qxa7 Bxd3 20. Rf3 Be4 21. Rg3 e5 22. Qc7 exf4 23. Bxf4 g5 24. Re3 gxf4 25. Rxe4 Bh6 26. Qe5 Qh4 27. Qh5 Qf6 28. h4 f3 29. g5 f2+ 30. Kg2 Qc6 31. Qf3 Bg7 32. Rf4 Qg6 33. Qxf2 Be5 34. Rf5 f6 35. Rf1 Rd8 36. Kh1 Qh5 37. gxf6 1-0

[Event "Hastings Weekend Open 2024/25"]
[Site "Hastings"]
[Date "2025.01.03"]
[Round "1.17"]
[White "Kim, Yegeon"]
[Black "Kilambi, Venkata Ananth Aksh"]
[Result "1-0"]
[WhiteElo "1697"]
[BlackElo "1910"]
[PlyCount "71"]
[EventDate "2025.01.03"]
[EventType "swiss"]
[EventRounds "5"]
[EventCountry "ENG"]
[SourceTitle "BritBase"]
[Source "John Saunders"]
[SourceDate "2025.01.10"]
[SourceVersion "1"]
[SourceVersionDate "2025.01.10"]
[SourceQuality "1"]

1. e4 c6 2. d4 d5 3. Nc3 dxe4 4. Nxe4 Nf6 5. Nxf6+ exf6 6. c3 Bd6 7. Bd3 O-O 8. Qc2 Re8+ 9. Ne2 h5 10. O-O h4 11. Re1 Nd7 12. Bf4 Nf8 13. Bxd6 Qxd6 14. h3 Bd7 15. a4 a5 16. Rad1 Ne6 17. Bc4 Nf4 18. Nxf4 Qxf4 19. Qb3 Rxe1+ 20. Rxe1 Rf8 21. Qxb7 Qd2 22. Re3 Qd1+ 23. Kh2 Bf5 24. Qxc6 Qd2 25. Qf3 Bd7 26. b3 Qa2 27. Qe2 Qa3 28. Re7 Bf5 29. Rxf7 Rxf7 30. Qe8+ Kh7 31. Qxf7 Bg6 32. Qg8+ Kh6 33. Qh8+ Kg5 34. f4+ Kxf4 35. Qxh4+ Kf5 36. Qg4# 1-0

[Event "Hastings Weekend Open 2024/25"]
[Site "Hastings"]
[Date "2025.01.03"]
[Round "1.18"]
[White "Keely, Leo A"]
[Black "Taylor, Zebadiah"]
[Result "1/2-1/2"]
[WhiteElo "1899"]
[BlackElo "1636"]
[PlyCount "110"]
[EventDate "2025.01.03"]
[EventType "swiss"]
[EventRounds "5"]
[EventCountry "ENG"]
[SourceTitle "BritBase"]
[Source "John Saunders"]
[SourceDate "2025.01.10"]
[SourceVersion "1"]
[SourceVersionDate "2025.01.10"]
[SourceQuality "1"]

1. e4 d6 2. d4 Nf6 3. Nc3 g6 4. f4 Bg7 5. Nf3 c5 6. dxc5 Qa5 7. Qd3 Qxc5 8. Be3 Qa5 9. Qb5+ Qxb5 10. Bxb5+ Bd7 11. e5 Ng4 12. Bxd7+ Nxd7 13. Bd4 dxe5 14. fxe5 Ngxe5 15. O-O-O O-O 16. Rhe1 Bh6+ 17. Kb1 Nxf3 18. gxf3 e6 19. Be3 Bxe3 20. Rxd7 Bf4 21. h3 b6 22. Red1 a6 23. a3 b5 24. Ne4 a5 25. Nf6+ Kg7 26. Ne4 b4 27. a4 Rfc8 28. Nd6 Bxd6 29. R1xd6 Kf6 30. Rb6 Rd8 31. Rc7 Rac8 32. Rxc8 Rxc8 33. Rb5 Ra8 34. f4 Ra7 35. Kc1 h6 36. h4 Ke7 37. Kd2 f5 38. Ke3 Kf6 39. Rc5 g5 40. fxg5+ hxg5 41. hxg5+ Kxg5 42. Kf3 Kf6 43. Kf4 Ke7 44. Ke5 Kd7 45. c4 Rc7 46. Rxa5 Rxc4 47. Rb5 f4 48. Rb7+ Kc6 49. Rf7 Rc2 50. Rxf4 Rxb2 51. Kxe6 Kb6 52. Rf8 b3 53. Kd5 Rd2+ 54. Kc4 b2 55. Rf1 Rc2+ 1/2-1/2

[Event "Hastings Weekend Open 2024/25"]
[Site "Hastings"]
[Date "2025.01.04"]
[Round "2.1"]
[White "Kalavannan, Koby"]
[Black "Barantsev, Oleg"]
[Result "1/2-1/2"]
[WhiteElo "2300"]
[BlackElo "1917"]
[PlyCount "129"]
[EventDate "2025.01.03"]
[EventType "swiss"]
[EventRounds "5"]
[EventCountry "ENG"]
[SourceTitle "BritBase"]
[Source "John Saunders"]
[SourceDate "2025.01.10"]
[SourceVersion "1"]
[SourceVersionDate "2025.01.10"]
[SourceQuality "1"]

1. d4 g6 2. e4 Bg7 3. Nc3 d6 4. f4 c6 5. Be3 Qa5 6. Qd2 Nf6 7. Nf3 Bg4 8. Bd3 Nbd7 9. e5 Nd5 10. Nxd5 Qxd2+ 11. Kxd2 cxd5 12. exd6 Bxf3 13. gxf3 e6 14. f5 gxf5 15. Rae1 O-O-O 16. Rhg1 Bf6 17. c3 Rhg8 18. Bf4 Rg6 19. Rc1 Kb8 20. Ke3 Rdg8 21. Rg3 Bg5 22. Bxg5 Rxg5 23. Rxg5 Rxg5 24. c4 dxc4 25. Bxc4 a6 26. Bb3 Rg8 27. Rc7 Rd8 28. Kf4 Nb6 29. Rxf7 Rxd6 30. Ke5 Rc6 31. Rxh7 Nc4+ 32. Bxc4 Rxc4 33. h4 Rc2 34. h5 Rxb2 35. h6 Rxa2 36. Re7 Rh2 37. h7 Ka7 38. Kf6 a5 39. Kg7 Rg2+ 40. Kf8 Rh2 41. Kg8 Rg2+ 42. Rg7 Rh2 43. h8=Q Rxh8+ 44. Kxh8 a4 45. Re7 a3 46. Rxe6 b5 47. Re1 b4 48. Ra1 Kb6 49. Kg7 Kc6 50. Kf6 Kd5 51. Kxf5 Kxd4 52. Ke6 Kc3 53. Kd5 Kb2 54. Rg1 Kc3 55. Rc1+ Kb2 56. Re1 Kc3 57. f4 a2 58. f5 b3 59. f6 b2 60. f7 b1=Q 61. Rxb1 axb1=Q 62. f8=Q Qd3+ 63. Kc6 Qc4+ 64. Qc5 Qxc5+ 65. Kxc5 1/2-1/2